La Femme devant la conception. Avec Calendrier Périodique Perpétuel

Tallennettuna:
Bibliografiset tiedot
Päätekijä: Dufour, Y. (Tekijä)
Aineistotyyppi: Kirja
Kieli:ranska
Julkaistu: París P. Dhaudroy 1936
Painos:1a. ed
Aiheet:
Tagit: Lisää tagi
Ei tageja, Lisää ensimmäinen tagi!

MARC

LEADER 00000nam a2200000 a 4500
001 UCJ8445
003 CL-VaPUC
008 070124e19360000FR |||||||||||||||||fre|d
082 0 4 |a 618  |b DUF  |2 21 
100 0 |a Dufour, Y.  |e author  |9 517199 
245 1 3 |a La Femme devant la conception. Avec Calendrier Périodique Perpétuel 
250 |a 1a. ed 
300 |a 80 p 
942 |c BK 
945 |d 20070124 00:00:00  |a rinostro 
260 |a París  |b P. Dhaudroy  |c 1936 
650 0 |a Demografía   |9 260008 
650 7 |a CONTROL DE LA NATALIDAD  |2 CL-VaPUC  |9 308234 
650 7 |a METODOS ANTICONCEPTIVOS  |2 CL-VaPUC  |9 376623 
583 |a last modification  |c 20070124 00:00:00  |k Rodrigo Vera 
999 |c 324159  |d 324157 
952 |0 0  |1 0  |4 0  |6 618_000000000000000_DUF_1936  |7 0  |8 X  |9 404102  |a FDOBUD  |b FDOBUD  |d 2019-11-22  |i 1078038  |o 618 DUF 1936  |p 1078038  |r 2019-11-22  |w 2019-11-22  |y BK_X  |k BUD